000 00691nam a22002177a 4500
999 _c167978
_d167978
005 20190924151401.0
010 _aENG-126531
020 _c875.00
_a9789353167035
035 _aEN-110063
037 _bDBAD/PUB
082 _a658.4052
_27th
100 _aLewicki, Roy J
245 _aNegotiation /
_cBy David M Saunders...[et.,all]
260 _aChennai
_bMcGraw Hill Education
_c2015
270 _bChennai
_a444/1, Sri Ekambara Naicker Industrial Estate, Alapakkam Porur
_e600116
_minfo.india@mheducation.com
300 _a654p.
_c24cm,(pbk)
500 _aIncludes index
700 _aSaunders, Dvid M
700 _aBarry Bruce
942 _2ddc
_cEN
_h658.4052
_mLEW